000 00502nam a2200205Ia 4500
005 20250425161732.0
008 250425s9999 xx 000 0 und d
020 _a848120868
041 _aspa
082 _a344.046
100 _aJUSTE RUIZ, JOSE
245 0 _aDERECHO INTERNACIONAL DEL MEDIO AMBIENTE
250 _a1A ED.
260 _aEspaƱa
_bMCGRAW HILL
_c1999
260 _aMADRID
300 _a479
650 _aDERECHO INTERNACIONAL-MEDIO AMBIENTE
942 _c01
010 _a26941
999 _c215050
_d215050